[Event "Madrid San Viator op-B 29th"]
[Site "Madrid"]
[Date "2017.10.08"]
[Round "4"]
[White "Bustos Bernardo, Diego"]
[Black "Lavayen Torres, Leonardo"]
[Result "1-0"]
[WhiteElo "1730"]
[BlackElo "1342"]
[PlyCount "45"]
[EventDate "2017.09.17"]
[EventType "swiss"]
[EventRounds "9"]
[EventCountry "ESP"]
[SourceTitle "EXT 2019"]
[Source "ChessBase"]
[SourceDate "2018.10.10"]
[SourceVersion "1"]
[SourceVersionDate "2018.10.10"]
[SourceQuality "1"]

1. Nf3 Nf6 2. c4 g6 3. Nc3 Bg7 4. e4 d6 5. d4 Nbd7 6. Be2 0-0 7. 0-0 Re8 8. Re1 e5 9. Bf1 exd4 10. Nxd4 Nc5 11. f3 Be6 12. b4 Ncd7 13. Rb1 Nb6 14. c5 dxc5 15. bxc5 Nbd7 16. c6 Nc5 17. cxb7 Nfxe4 18. bxa8Q Nxc3 19. Qxd8 Rxd8 20. Qc2 Bxd4+ 21. Be3 Bf5 22. Qf2 Bxe3 23. Qxe3 1-0

[Event "ESP-chT Regional U14"]
[Site "Padron"]
[Date "2017.06.22"]
[Round "2.2"]
[White "Bustos Bernardo, Diego"]
[Black "Hususan, Melisa"]
[Result "1-0"]
[WhiteElo "1591"]
[BlackElo "1548"]
[PlyCount "105"]
[EventDate "2017.06.22"]
[EventType "team"]
[EventRounds "6"]
[EventCountry "ESP"]
[SourceTitle "EXT 2018"]
[Source "ChessBase"]
[SourceDate "2017.10.13"]
[SourceVersion "1"]
[SourceVersionDate "2017.10.13"]
[SourceQuality "1"]
[WhiteTeam "Castilla La Mancha (U14)"]
[BlackTeam "Aragon (U14)"]
[WhiteTeamCountry "ESP"]
[BlackTeamCountry "ESP"]

1. Nf3 d5 2. d4 Nc6 3. c4 Nf6 4. Nc3 e6 5. Bg5 Be7 6. e3 0-0 7. Rc1 h6 8. Bh4 Nb4 9. a3 Na6 10. Bd3 c5 11. cxd5 Nxd5 12. Bxe7 Qxe7 13. Nxd5 exd5 14. Bxa6 bxa6 15. Rxc5 Qe4 16. Qc2 Qg4 17. 0-0 Bf5 18. Ne5 Qg5 19. Qe2 Rfd8 20. Rc7 Be6 21. Kh1 Rdc8 22. Rxc8+ Rxc8 23. Qxa6 Rc2 24. b4 Qf5 25. Nf3 Rc7 26. Qb5 Qc2 27. Qb8+ Kh7 28. Qb5 Qb3 29. Qa6 Bf5 30. Nd2 Qc2 31. Qa5 Bd3 32. Rg1 Rd7 33. b5 Qb2 34. a4 Bc2 35. Nf3 f6 36. Qe1 Bxa4 37. e4 Qxb5 38. e5 Re7 39. Qd2 Kg8 40. exf6 Re2 41. Qf4 gxf6 42. Qxf6 Qb6 43. Qh4 Bc2 44. Ne5 Re4 45. Qg3+ Kh7 46. Rc1 Rxd4 47. Qf3 Qb7 48. h3 Be4 49. Qg3 a5 50. Ng4 Kg6 51. Qd6+ Kg5 52. Qf6+ Kh5 53. Qxh6# 1-0

[Event "Madrid San Viator op-B 27th"]
[Site "Madrid"]
[Date "2016.11.20"]
[Round "9"]
[White "Bustos Bernardo, Diego"]
[Black "Coronado Riscos, Hector"]
[Result "1-0"]
[WhiteElo "1435"]
[BlackElo "1034"]
[PlyCount "49"]
[EventDate "2016.09.25"]
[EventType "swiss"]
[EventRounds "9"]
[EventCountry "ESP"]
[SourceTitle "EXT 2019"]
[Source "ChessBase"]
[SourceDate "2018.10.10"]
[SourceVersion "1"]
[SourceVersionDate "2018.10.10"]
[SourceQuality "1"]

1. Nf3 Nf6 2. c4 g6 3. Nc3 Bg7 4. e4 d6 5. d4 Nbd7 6. Be2 e5 7. dxe5 dxe5 8. Be3 0-0 9. 0-0 b6 10. Qa4 Bb7 11. Rfd1 Qe7 12. Nd5 Nxd5 13. cxd5 h6 14. Rac1 Rfe8 15. Bb5 Nf6 16. Bc6 Bxc6 17. Rxc6 Red8 18. Qc2 Rac8 19. d6 Qe6 20. d7 Rxd7 21. Rxe6 Rcd8 22. Rxd7 Rxd7 23. Rc6 Nxe4 24. Rxc7 Rd5 25. h3 1-0

[Event "Madrid San Viator op-B 27th"]
[Site "Madrid"]
[Date "2016.11.13"]
[Round "8"]
[White "Franco Rincon, David"]
[Black "Bustos Bernardo, Diego"]
[Result "1-0"]
[WhiteElo "1728"]
[BlackElo "1435"]
[PlyCount "59"]
[EventDate "2016.09.25"]
[EventType "swiss"]
[EventRounds "9"]
[EventCountry "ESP"]
[SourceTitle "EXT 2019"]
[Source "ChessBase"]
[SourceDate "2018.10.10"]
[SourceVersion "1"]
[SourceVersionDate "2018.10.10"]
[SourceQuality "1"]

1. g4 e6 2. Bg2 d5 3. c4 Nf6 4. cxd5 exd5 5. h3 c6 6. d3 Bd6 7. Nf3 0-0 8. 0-0 h5 9. g5 Nfd7 10. Nc3 Ne5 11. e4 dxe4 12. Nxe4 Ng6 13. Nxd6 Qxd6 14. Re1 Be6 15. b3 Nf4 16. Bxf4 Qxf4 17. Re4 Qf5 18. Qd2 Rd8 19. Rae1 Nd7 20. Nd4 Qh7 21. Nxe6 fxe6 22. Rxe6 Nc5 23. g6 Qh6 24. Qxh6 gxh6 25. Re7 Nxd3 26. R1e4 Nc5 27. R4e5 Nd3 28. Rxh5 Nf4 29. Rxh6 Rab8 30. g7 1-0

[Event "Madrid San Viator op-B 27th"]
[Site "Madrid"]
[Date "2016.10.12"]
[Round "4"]
[White "Bustos Bernardo, Diego"]
[Black "Fogue Angelina, Hugo"]
[Result "0-1"]
[WhiteElo "1435"]
[BlackElo "1583"]
[PlyCount "68"]
[EventDate "2016.09.25"]
[EventType "swiss"]
[EventRounds "9"]
[EventCountry "ESP"]
[SourceTitle "EXT 2017"]
[Source "ChessBase"]
[SourceDate "2016.10.25"]
[SourceVersion "1"]
[SourceVersionDate "2016.10.25"]
[SourceQuality "1"]

1. Nf3 d5 2. d4 Nf6 3. c4 c6 4. Nc3 e6 5. Bg5 Nbd7 6. cxd5 cxd5 7. e3 a6 8. Bd3 Be7 9. 0-0 0-0 10. Rc1 b5 11. Qe2 Bb7 12. Rc2 Rc8 13. Rfc1 Nb6 14. b3 Qd7 15. Ne5 Qd6 16. Bf4 Qd8 17. Nb1 Nfd7 18. Qg4 Nxe5 19. Bxe5 Bf6 20. Rxc8 Nxc8 21. Bxf6 Qxf6 22. Rc7 Ba8 23. Ra7 Nxa7 24. Nd2 Rc8 25. h3 Nc6 26. a3 Ne7 27. Qg3 Nf5 28. Qg4 Rc3 29. Qf4 g6 30. Bxf5 Qxf5 31. Qb8+ Kg7 32. Qxa8 Rc1+ 33. Kh2 Qxf2 34. Qxa6 Rg1 0-1

[Event "Madrid San Viator op-B 27th"]
[Site "Madrid"]
[Date "2016.10.02"]
[Round "2"]
[White "Bustos Bernardo, Diego"]
[Black "Fernandez Estremera, Fernando"]
[Result "0-1"]
[WhiteElo "1435"]
[BlackElo "1652"]
[PlyCount "120"]
[EventDate "2016.09.25"]
[EventType "swiss"]
[EventRounds "9"]
[EventCountry "ESP"]
[SourceTitle "EXT 2017"]
[Source "ChessBase"]
[SourceDate "2016.10.25"]
[SourceVersion "1"]
[SourceVersionDate "2016.10.25"]
[SourceQuality "1"]

1. Nf3 Nf6 2. c4 e6 3. Nc3 b6 4. d4 Bb4 5. Bg5 h6 6. Bh4 Bb7 7. e3 0-0 8. Bd3 d6 9. 0-0 Bxc3 10. bxc3 Nbd7 11. Nd2 c5 12. Qc2 Qc7 13. Rac1 Rfe8 14. Ne4 Nxe4 15. Bxe4 Bxe4 16. Qxe4 Rac8 17. Bg3 Nf6 18. Qf4 Red8 19. Bh4 Qe7 20. Bxf6 Qxf6 21. Qxf6 gxf6 22. f4 cxd4 23. cxd4 Rc7 24. Rf2 Rdc8 25. Rfc2 d5 26. c5 bxc5 27. dxc5 Kf8 28. Kf2 Ke7 29. Ke2 e5 30. Kd3 Ke6 31. g4 f5 32. fxe5 Kxe5 33. gxf5 Rb8 34. a3 Rg8 35. h3 Rg3 36. Rh2 d4 37. Re2 Rxh3 38. Kd2 dxe3+ 39. Rxe3+ Rxe3 40. Kxe3 Kd5 41. Rh1 Rc6 42. Rh5 Kxc5 43. f6+ Kd6 44. Rxh6 Rc3+ 45. Kf4 Rxa3 46. Kf5 Ra5+ 47. Kf4 Ke6 48. Ke4 Rf5 49. Rh2 a5 50. Ra2 Kxf6 51. Ra4 Rb5 52. Kf3 Ke6 53. Re4+ Kd6 54. Rf4 Rb7 55. Ra4 Ra7 56. Ke4 Kc5 57. Kd3 Kb5 58. Ra2 Rc7 59. Rb2+ Ka6 60. Ra2 Kb6 0-1

[Event "Madrid San Viator op-B 25th"]
[Site "Madrid"]
[Date "2015.11.22"]
[Round "9"]
[White "Alameda Arellano, Cristeto"]
[Black "Bustos Bernardo, Diego"]
[Result "1-0"]
[WhiteElo "1545"]
[BlackElo "1343"]
[PlyCount "60"]
[EventDate "2015.10.04"]
[EventType "swiss"]
[EventRounds "9"]
[EventCountry "ESP"]
[SourceTitle "EXT 2019"]
[Source "ChessBase"]
[SourceDate "2018.10.10"]
[SourceVersion "1"]
[SourceVersionDate "2018.10.10"]
[SourceQuality "1"]

1. d4 Nf6 2. c4 e6 3. Nc3 d5 4. Bg5 Be7 5. Nf3 h6 6. Bxf6 Bxf6 7. e4 dxe4 8. Nxe4 b6 9. Nxf6+ Qxf6 10. Qa4+ Bd7 11. Qb3 Nc6 12. Rd1 0-0 13. Bd3 Rfd8 14. Bb1 Be8 15. Qe3 Rac8 16. 0-0 Ne7 17. Rd2 Ng6 18. Rfd1 Rd6 19. b4 Ba4 20. Re1 Bc6 21. Ne5 Nh4 22. Nxc6 Rxc6 23. Qe4 Qg5 24. f4 Qg4 25. Qxc6 Qxf4 26. Qd7 Rf8 27. Rf2 Qg5 28. Qxc7 g6 29. Qxa7 Nf5 30. Bxf5 gxf5 1-0

[Event "Madrid San Viator op-B 25th"]
[Site "Madrid"]
[Date "2015.11.08"]
[Round "7"]
[White "Bustos Bernardo, Diego"]
[Black "Castro Uceda, Jose Antonio"]
[Result "0-1"]
[WhiteElo "1343"]
[BlackElo "1582"]
[PlyCount "104"]
[EventDate "2015.10.04"]
[EventType "swiss"]
[EventRounds "9"]
[EventCountry "ESP"]
[SourceTitle "EXT 2019"]
[Source "ChessBase"]
[SourceDate "2018.10.10"]
[SourceVersion "1"]
[SourceVersionDate "2018.10.10"]
[SourceQuality "1"]

1. d4 Nf6 2. c4 e5 3. dxe5 Ng4 4. Nf3 Nc6 5. e3 Ngxe5 6. a3 d6 7. Nc3 Bg4 8. Be2 Nxf3+ 9. Bxf3 Bxf3 10. Qxf3 Qd7 11. b4 0-0-0 12. 0-0 g6 13. Bb2 Bg7 14. Rab1 Ne5 15. Qe2 Qc6 16. Nd5 Rhe8 17. Rfc1 f6 18. e4 g5 19. c5 Nd7 20. b5 Qxd5 21. exd5 Rxe2 22. cxd6 Rde8 23. Rxc7+ Kd8 24. g3 Re1+ 25. Rxe1 Rxe1+ 26. Kg2 Rb1 27. Bd4 Rxb5 28. Bxa7 Bf8 29. Rc3 Bxd6 30. Rd3 b6 31. Re3 Ra5 32. Bxb6+ Nxb6 33. Re6 Rxd5 34. Rxf6 Nd7 35. Rf7 h5 36. Rh7 g4 37. h3 Bxa3 38. hxg4 hxg4 39. Rh8+ Kc7 40. Rg8 Rd4 41. Rg5 Bb4 42. Rg7 Bc5 43. Rf7 Rd2 44. Rf4 Ne5 45. Rf5 Kd6 46. Rf6+ Kd5 47. Rf5 Ke6 48. Rf4 Be3 49. Rf8 Ke7 50. Rf5 Nf3 51. Rxf3 gxf3+ 52. Kxf3 Bxf2 0-1

[Event "Madrid San Viator op-B 25th"]
[Site "Madrid"]
[Date "2015.10.12"]
[Round "3"]
[White "Bustos Bernardo, Diego"]
[Black "Serrano Gonzalez, Oscar"]
[Result "1/2-1/2"]
[WhiteElo "1343"]
[BlackElo "1665"]
[PlyCount "59"]
[EventDate "2015.10.04"]
[EventType "swiss"]
[EventRounds "9"]
[EventCountry "ESP"]
[SourceTitle "EXT 2019"]
[Source "ChessBase"]
[SourceDate "2018.10.10"]
[SourceVersion "1"]
[SourceVersionDate "2018.10.10"]
[SourceQuality "1"]

1. d4 d5 2. c4 c6 3. Nc3 Nf6 4. Nf3 e6 5. Bg5 Be7 6. e3 0-0 7. Rc1 Nbd7 8. Bd3 dxc4 9. Bxc4 Nb6 10. Bd3 h6 11. Bh4 Nbd5 12. 0-0 b6 13. Bxf6 Bxf6 14. Nxd5 cxd5 15. Qc2 Bd7 16. Qc7 Qe7 17. Ba6 Bc8 18. Qxe7 Bxe7 19. Bxc8 Raxc8 20. Ne5 Bd6 21. Nc6 Rc7 22. Rc3 f5 23. Rfc1 g5 24. Ne5 Bxe5 25. Rxc7 Bxc7 26. Rxc7 Rf7 27. Rxf7 Kxf7 28. f4 gxf4 29. exf4 h5 30. h4 1/2-1/2